| 000 | 00582nam a22002057a 4500 | ||
|---|---|---|---|
| 003 | OSt | ||
| 005 | 20151112104539.0 | ||
| 008 | 130129t xxu||||| |||| 00| 0 eng d | ||
| 020 | _a9712302296 | ||
| 050 |
_aLB 1050.5 _b.R763 1983 |
||
| 082 |
_aFIL 371.91 _bB928 2010 |
||
| 100 | _aRomero, Angelita D. | ||
| 245 |
_aDevelopmental reading / _cANgelita D. Romero, Rene C. Romero. |
||
| 260 |
_aManila : _b Rex Book Store, _c1983. |
||
| 300 |
_avii, 203 pages ;: _c25 cm. _billustrations ; |
||
| 526 | _c1210L-1700L | ||
| 562 | _e1 | ||
| 942 |
_2lcc _cBK _kFIL |
||
| 999 |
_c288965 _d288965 |
||